Statistics for Foods that Start with V

Click here to take the quiz!

General Stats

  • This quiz has been taken 1,434 times
  • The average score is 9 of 14

Answer Stats

HintAnswer% Correct
Popular ice cream flavoringVanilla
94%
Zucchini, brocolli, celery, carrot, etc.Vegetable
87%
Russian potato alcoholVodka
87%
Calf meatVeal
83%
Condiment for fish and chipsVinegar
82%
Deer meatVenison
80%
Type of olive oilVirgin
76%
Australian spread made from yeast extractVegemite
73%
Very spicy Indian curry dishVindaloo
46%
"Little worms" pastaVermicelli
44%
Cocktail ingredient in martinisVermouth
44%
Orange varietyValencia
33%
Onion varietyVidalia
24%
French cold potato soupVichyssoise
18%

Score Distribution

Percentile by Number Answered

Percent of People with Each Score

Your Score History

You have not taken this quiz